Basic algebra
保存先:
| 第一著者: | |
|---|---|
| フォーマット: | 図書 |
| 言語: | 英語 |
| 出版事項: |
San Francisco
W. H. Freeman
1974
|
| 主題: | |
| タグ: |
タグ追加
タグなし, このレコードへの初めてのタグを付けませんか!
|
MARC
| LEADER | 00000nam a2200000 a 4500 | ||
|---|---|---|---|
| 001 | UCW1523 | ||
| 003 | CL-VaPUC | ||
| 008 | 920722e19740000US |||||||||||||||||eng|d | ||
| 082 | 0 | 4 | |a 512 |b JAC |2 21 |
| 100 | |a Jacobson, Nathan |e author |9 423346 | ||
| 245 | 1 | 0 | |a Basic algebra |
| 300 | |a 2 v | ||
| 942 | |c BK | ||
| 945 | |d 19920722 00:00:00 |a mfernand | ||
| 260 | |a San Francisco |b W. H. Freeman |c 1974 | ||
| 650 | 0 | |a Álgebra |9 259567 | |
| 583 | |a last modification |c 19920722 00:00:00 |k Rodrigo Vera | ||
| 999 | |c 216406 |d 216404 | ||
| 952 | |0 0 |1 0 |4 0 |6 512_000000000000000_JAC_1974 |7 0 |8 A |9 202117 |a BIBMAT |b BIBMAT |d 2019-11-14 |h v.1 |i 269235K |o 512 JAC 1974 |p 269235K |r 2025-01-07 |w 2019-11-14 |y BK |k MAT | ||